| 000 | 00651nam a2200229 a 4500 | ||
|---|---|---|---|
| 008 | |||
| 020 | _a9780340885307 (pbk.) | ||
| 049 | _aMAIN | ||
| 090 |
_aQA39.3 _bSYK |
||
| 100 | 1 | _aSykes, John. | |
| 245 | 1 | 0 |
_aA2 Pure mathematics : _bmodular maths for edexcel / _cJohn Skyes ... [et al.] |
| 250 | _a2nd ed. | ||
| 260 |
_aOxon : _bHodder Education, _c25 cm. |
||
| 300 |
_avii, 412 p. : _bill. ; _c25 cm. |
||
| 500 | _aIncludes index. | ||
| 650 | 1 | _aPure mathematics. | |
| 907 |
_a.b10333721 _b17-07-13 _c18-06-13 |
||
| 003 | |||
| 005 | 20230123122022.0 | ||
| 040 | _cNUST | ||
| 942 |
_cBOOKS _kQA39.3 _mSYK |
||
| 999 |
_c126402 _d126402 |
||